000 00407nam a22001457a 4500
020 _a0-87942-234-3
082 _a620.00711
_bTEA
_cL-37, P-69
100 _aGupta, Madhu S.
_940580
245 _aTeaching engineering: a beginner's guide
_cMadhu S. Gupta
260 _aIndia
_bIEEE Press
_c1987
300 _aix, 273.p:
526 _a0
_b0
_c0
_d620_007110000000000_TEA
650 _aMCE
_9379
942 _2ddc
_cBK
999 _c544836
_d544836